000 00725nam a2200289Ia 4500
005 20260324114552.0
008 008 260324s9999 xx 000 0 eng d
020 _a9781003281429
037 _aEBOOK
040 _aCRL
040 _beng
040 _cCRL
041 _2eng
041 _aeng
084 _qCRL
100 _aSrinivasan Chandrasekaran; Faisal Khan; Rouzbeh Abbassi
_91151294
245 0 _aWave Energy Devices
245 0 _bDesign, Development, and Experimental Studies
260 _bTaylor and Francis
260 _c2022
365 _a
365 _b240
856 _uhttp://www.taylorfrancis.com/books/9781003281429
942 _cEBOOK
999 _c1741552
_d1741552